Khảo sát các đặc trưng của hệ phổ kế Gamma phông thấp HPGe : Luận văn thạc sĩ. Chuyên ngành vật lý kỹ thuật
Đề tài giới thiệu về sự phát triển hệ phổ kế gamma phông thấp HPGe và ứng dụng của nó
Đã lưu trong:
| Hovedforfatter: | |
|---|---|
| Format: | Bog |
| Sprog: | Undetermined |
| Udgivet: |
Cần Thơ
Trường Đại học Cần Thơ
2012
|
| Fag: | |
| Tags: |
Tilføj Tag
Ingen Tags, Vær først til at tagge denne postø!
|
| Thư viện lưu trữ: | Trung tâm Học liệu Trường Đại học Cần Thơ |
|---|
| LEADER | 00956nam a2200217Ia 4500 | ||
|---|---|---|---|
| 001 | CTU_174670 | ||
| 008 | 210402s9999 xx 000 0 und d | ||
| 082 | |a 539.7222 | ||
| 082 | |b Qu527 | ||
| 088 | |a 60440103 | ||
| 100 | |a Phạm, Thị Quyên | ||
| 245 | 0 | |a Khảo sát các đặc trưng của hệ phổ kế Gamma phông thấp HPGe : | |
| 245 | 0 | |b Luận văn thạc sĩ. Chuyên ngành vật lý kỹ thuật | |
| 245 | 0 | |c Phạm Thị Quyên ; Trương Thị Hồng Loan (Người hướng dẫn khoa học) | |
| 260 | |a Cần Thơ | ||
| 260 | |b Trường Đại học Cần Thơ | ||
| 260 | |c 2012 | ||
| 520 | |a Đề tài giới thiệu về sự phát triển hệ phổ kế gamma phông thấp HPGe và ứng dụng của nó | ||
| 650 | |a Gamma ray spectrometry,Radiation | ||
| 904 | |i Trân, Năm | ||
| 980 | |a Trung tâm Học liệu Trường Đại học Cần Thơ | ||